Joueurs argentins ayant joué au PSG - Statistiques

Statistiques générales
  • Ce quiz a été pris 75 fois
  • Le résultat moyen est 6 sur 17
Statistiques - réponses
Année d'arrivée Année de départ Club précédant Club suivant Nombre de match Joueurs % Correct
2021 2023 FC Barcelone Inter Miami CF 75 Lionel Messi
100%
2015 2022 Manchester United Juventus Turin 295 Ángel Di María
90%
2019 2023 Inter Milan Galatasaray SK 92 Mauro Icardi
79%
2019 2023 Zénith Saint-Pétersbourg AS Roma 117 Leandro Paredes
74%
2011 2018 Palerme FC AS Roma 269 Javier Pastore
71%
2012 2016 SSC Napoli Hebei FC 161 Ezequiel Lavezzi
59%
2016 2019 CA Rosario Central Tottenham Hotspur 54 Giovani Lo Celso
59%
2001 2004 Real Valladolid Manchester United 132 Gabriel Heinze
40%
2001 2003 RCD Espanyol Barcelone FC Girondins de Bordeaux 95 Mauricio Pochettino
22%
2003 2004 Cruzeiro EC Cruzeiro EC 26 Juan Pablo Sorín
16%
1985 1986 Tours FC AS Monaco 25 Omar Da Fonseca
15%
1977 1979 Stade de Reims RC Strasbourg Alsace 80 Carlos Bianchi
9%
2007 2008 CA River Plate D.C. United 28 Marcelo Gallardo
9%
2002 2004 CA River Plate Racing Club 26 Martín Cardetti
7%
1977 1980 Atlético de Madrid CA Sarmiento 24 Cacho Heredia
0%
1987 1990 Real Betis Balompié FC Sion 113 Gabriel Calderón
0%
1982 1982 Tottenham Hotspur Tottenham Hotspur 17 Osvaldo Ardiles
0%
Aucun quiz correspondant
Distribution des résultats
% des personnes avec chaque résultat
Percentile par nombre de réponses
Votre historique - résultats
Vous n’avez pas pris ce quiz